Countries The British Empire Never Invaded - Statistics

General Stats
  • This quiz has been taken 46 times
  • The average score is 11 of 22
Answers on the Map
Answers color-coded by a green-red scale on the quiz's map according to % correct below.
 
Answer Stats
Country % Correct
Mongolia
81%
Paraguay
69%
Kyrgyzstan
67%
Tajikistan
67%
Bolivia
61%
Uzbekistan
61%
Mali
58%
Liechtenstein
56%
Republic of the Congo
56%
Vatican City
56%
Andorra
50%
Central African Republic
50%
Chad
50%
Luxembourg
50%
Monaco
47%
Sweden
47%
Burundi
39%
Sao Tome and Principe
36%
Belarus
33%
Guatemala
25%
Ivory Coast
25%
Marshall Islands
19%
No matching quizzes found
Score Distribution
Percent of People with Each Score
Percentile by Number Answered
Your Score History
You have not taken this quiz